Normal view MARC view
  • Michel, Guillermo

Entry Nombre Personal

Number of records used in: 17

001 - NUMERO DE CONTROL

  • campo de control: 29322

003 - IDENTIFICADOR DE NUMERO DE CONTROL

  • campo de control: MX-MxUPN

005 - FECHA Y HORA DE LA ÜLTIMA TRANSACCIÓN

  • campo de control: 20220216095751.0

008 - DATOS DE LONGITUD FIJA

  • campo de control de longitud fija: 220216n||acannaabn a |na |d

035 ## - NUMERO DE CONTROL

  • Número de control: UPN11000001428

040 ## - FUENTE DE CATALOGACIÓN

  • Agencia original de catalogación: MX-MxUPN
  • Lenguaje de catalogación: spa
  • Agencia de transcripción: MX-MxUPN

100 1# - ENCABEZAMIENTO - NOMBRE PERSONAL

  • Nombre personal: Michel, Guillermo

670 ## - FUENTE EN LA QUE SE LOCALIZARON DATOS

  • Cita de la fuente: Aprende a aprender : guía de autoeducación, 1989:
  • Información localizada: portada (Guillermo Michel)

670 ## - FUENTE EN LA QUE SE LOCALIZARON DATOS

  • Cita de la fuente: Aprende a ser tú mismo, 1996:
  • Información localizada: portada (Guillermo Michel)

902 ## - CATALOGADOR

  • Catalogador: DAA/140508